[Event "US Open-111"]
[Site "Irvine"]
[Date "2010.08.08"]
[Round "9"]
[White "Huang, Vincent"]
[Black "Beelby, Matthew A"]
[Result "0-1"]
[WhiteElo "2063"]
[BlackElo "2291"]
[PlyCount "124"]
[EventDate "2010.07.31"]
[EventType "swiss"]
[EventRounds "9"]
[EventCountry "USA"]
[SourceTitle "CBM 137 Extra"]
[Source "ChessBase"]
[SourceDate "2010.09.01"]
[SourceVersion "1"]
[SourceVersionDate "2010.09.01"]
[SourceQuality "1"]

1. d4 Nf6 2. c4 e6 3. Nc3 Bb4 4. Qc2 d5 5. cxd5 Qxd5 6. Nf3 Qf5 7. Qxf5 exf5 8. a3 Be7 9. Bf4 c6 10. e3 Be6 11. Bd3 Nh5 12. Ne2 Nd7 13. 0-0 Nb6 14. Rac1 Nd5 15. Bg3 Nxg3 16. hxg3 g5 17. Nc3 Nb6 18. Rfe1 0-0-0 19. Ne5 Kb8 20. Bxf5 Bxf5 21. Nxf7 Nc4 22. Nxh8 Rxh8 23. e4 Bg6 24. Rc2 Rd8 25. Ne2 Nd6 26. f3 Nb5 27. Rd1 Bf7 28. Rcd2 Bb3 29. Rc1 Bf6 30. Rd3 Nxd4 31. Kf2 b5 32. Nxd4 Bxd4+ 33. Ke1 Bc4 34. Rd2 Rd6 35. f4 c5 36. fxg5 Re6 37. Rxc4 Rxe4+ 38. Kf1 bxc4 39. Rc2 Re3 40. Rxc4 Rb3 41. Ke2 Rxg3 42. b4 Rxg2+ 43. Kf3 Rxg5 44. bxc5 Bxc5 45. a4 Bb6 46. Rh4 h5 47. Ke2 Rd5 48. Rh3 Kb7 49. Rh4 Ka6 50. Rh3 Ka5 51. Rh4 Bd8 52. Rf4 h4 53. Kf3 h3 54. Rf7 Bb6 55. Kg3 Rd3+ 56. Kh2 Rc3 57. Kh1 Kxa4 58. Rd7 Kb3 59. Rd5 Bc7 60. Rd1 Kb2 61. Rd2+ Rc2 62. Rd1 Rc1 0-1

[Event "US Open-111"]
[Site "Irvine"]
[Date "2010.08.06"]
[Round "7"]
[White "Sevillano, Enrico"]
[Black "Beelby, Matthew A"]
[Result "1-0"]
[WhiteElo "2502"]
[BlackElo "2291"]
[PlyCount "51"]
[EventDate "2010.07.31"]
[EventType "swiss"]
[EventRounds "9"]
[EventCountry "USA"]
[SourceTitle "CBM 137 Extra"]
[Source "ChessBase"]
[SourceDate "2010.09.01"]
[SourceVersion "1"]
[SourceVersionDate "2010.09.01"]
[SourceQuality "1"]

1. e4 c5 2. c3 g6 3. d4 cxd4 4. cxd4 d5 5. exd5 Nf6 6. Nc3 Bg7 7. Bc4 0-0 8. Nge2 Nbd7 9. Nf4 Nb6 10. Bb3 Bg4 11. f3 Bf5 12. g4 Bd7 13. h4 e6 14. dxe6 fxe6 15. h5 Nfd5 16. Ncxd5 Nxd5 17. Nxd5 exd5 18. Bxd5+ Kh8 19. hxg6 Qa5+ 20. Qd2 Qxd5 21. Rxh7+ Kg8 22. Rxg7+ Kxg7 23. Qh6+ Kf6 24. g7+ Kf7 25. gxf8Q+ Rxf8 26. Qh7+ 1-0

[Event "Western Class-ch 15th"]
[Site "Agoura Hills"]
[Date "2008.01.18"]
[Round "1"]
[White "Beelby, Matthew A"]
[Black "Yotov, Valentin"]
[Result "0-1"]
[WhiteElo "2248"]
[BlackElo "2495"]
[PlyCount "36"]
[EventDate "2008.01.18"]
[EventType "swiss"]
[EventRounds "6"]
[EventCountry "USA"]
[SourceTitle "EXT 2013"]
[Source "ChessBase"]
[SourceDate "2012.11.22"]
[SourceVersion "1"]
[SourceVersionDate "2012.11.22"]
[SourceQuality "1"]

1. c4 c5 2. Nf3 Nc6 3. Nc3 g6 4. e3 Bg7 5. d4 d6 6. d5 Na5 7. e4 Nf6 8. Bf4 0-0 9. Rc1 Nh5 10. Be3 e5 11. dxe6 Bxe6 12. b3 Nc6 13. h3 a6 14. Bd3 Qa5 15. Bd2 b5 16. Nxb5 Nb4 17. 0-0 axb5 18. g4 Nf6 0-1

[Event "Southern California-ch cand"]
[Site "Garden Grove"]
[Date "2007.06.24"]
[Round "3"]
[White "Beelby, Matthew A"]
[Black "Kudryavtsev, Vadim"]
[Result "0-1"]
[WhiteElo "2260"]
[BlackElo "2152"]
[PlyCount "81"]
[EventDate "2007.06.23"]
[EventType "swiss"]
[EventRounds "4"]
[EventCountry "USA"]
[SourceTitle "EXT 2014"]
[Source "ChessBase"]
[SourceDate "2013.11.20"]
[SourceVersion "1"]
[SourceVersionDate "2013.11.20"]
[SourceQuality "1"]

1. c4 Nf6 2. Nc3 g6 3. e4 d6 4. d4 Bg7 5. Bd3 0-0 6. Nge2 Nc6 7. 0-0 e5 8. d5 Nd4 9. Bc2 c5 10. dxc6 bxc6 11. Bg5 Qb6 12. Rb1 Re8 13. Ba4 Bg4 14. Be3 Bxe2 15. Nxe2 Nxe4 16. Nc3 Nc5 17. b4 Nce6 18. b5 cxb5 19. Nxb5 Reb8 20. f4 Qd8 21. Bxd4 exd4 22. f5 Nc5 23. Bc2 Qh4 24. g3 Qg5 25. Nc7 Rxb1 26. Bxb1 Rf8 27. Nd5 Be5 28. Qf3 Kg7 29. Kg2 Rb8 30. fxg6 fxg6 31. h4 Rb2+ 32. Kh1 Qd8 33. Qf7+ Kh6 34. Bxg6 hxg6 35. Ne7 Qa8+ 36. Rf3 Qe4 37. Ng8+ Kh5 38. Nf6+ Bxf6 39. Qxf6 Rb1+ 40. Kh2 Rb2+ 41. Kh3 0-1

[Event "American op 29th"]
[Site "Long Beach"]
[Date "1993.??.??"]
[Round "6"]
[White "Donaldson, John W"]
[Black "Beelby, Matthew A"]
[Result "1-0"]
[WhiteElo "2425"]
[BlackElo "2345"]
[PlyCount "87"]
[EventDate "1993.11.25"]
[EventType "swiss"]
[EventRounds "8"]
[EventCountry "USA"]
[SourceTitle "EXT 2024"]
[Source "ChessBase"]
[SourceDate "2023.10.10"]
[SourceVersion "1"]
[SourceVersionDate "2023.10.10"]
[SourceQuality "1"]

1. Nf3 Nf6 2. c4 c5 3. Nc3 Nc6 4. e3 e6 5. d4 d5 6. cxd5 exd5 7. Be2 Be7 8. 0-0 0-0 9. dxc5 Bxc5 10. b3 a6 11. Na4 Ba7 12. Ba3 Re8 13. Bc5 b5 14. Bxa7 Rxa7 15. Rc1 bxa4 16. Rxc6 axb3 17. Qxb3 Rc7 18. Rxc7 Qxc7 19. Nd4 h6 20. Qa3 Qb6 21. Bd3 Ng4 22. Qa4 Rf8 23. h3 Ne5 24. Rb1 Qf6 25. Bc2 Nc4 26. Qc6 Qe5 27. Rd1 Na5 28. Qc5 Nb7 29. Qb6 Nd8 30. Bb3 Bb7 31. Rc1 Kh8 32. Qc7 Qe8 33. Rc5 Ba8 34. Bxd5 Bxd5 35. Rxd5 Ne6 36. Nxe6 Qxe6 37. Qd6 Qc8 38. Rc5 Qa8 39. Qc6 Qb8 40. Qxa6 Qb1+ 41. Kh2 Kh7 42. Qc4 Qb8+ 43. g3 Rd8 44. Rc7 1-0

[Event "Fishbecks"]
[Site "Pasadena"]
[Date "1992.??.??"]
[Round "?"]
[White "Beelby, Matthew A"]
[Black "Remlinger, Larry"]
[Result "1/2-1/2"]
[WhiteElo "2340"]
[BlackElo "2340"]
[PlyCount "62"]
[EventDate "1992.??.??"]
[EventType "tourn"]
[EventRounds "11"]
[EventCountry "USA"]
[SourceTitle "EXT 1999"]
[Source "ChessBase"]
[SourceDate "1998.11.16"]
[SourceVersion "1"]
[SourceVersionDate "1998.11.16"]
[SourceQuality "1"]

1. c4 g6 2. g3 Bg7 3. Bg2 d6 4. Nc3 e5 5. Rb1 a5 6. a3 f5 7. d3 h6 8. Nf3 Nc6 9. 0-0 Nf6 10. b4 axb4 11. axb4 0-0 12. b5 Ne7 13. Bb2 Be6 14. Ra1 Rb8 15. Nd2 g5 16. Ra7 b6 17. Qa1 Nd7 18. Nd5 Bxd5 19. cxd5 Ra8 20. Rc1 Nc5 21. Bc3 Qb8 22. Rxa8 Qxa8 23. Bb4 Qb7 24. Bxc5 bxc5 25. Qa6 Rb8 26. Rb1 Kf7 27. Qxb7 Rxb7 28. Nc4 Nc8 29. e4 fxe4 30. Bxe4 Ra7 31. Rb3 Nb6 1/2-1/2

[Event "Fishbecks"]
[Site "Pasadena"]
[Date "1992.??.??"]
[Round "?"]
[White "Beelby, Matthew A"]
[Black "Schroer, Jonathan"]
[Result "1/2-1/2"]
[WhiteElo "2340"]
[BlackElo "2395"]
[PlyCount "29"]
[EventDate "1992.??.??"]
[EventType "tourn"]
[EventRounds "11"]
[EventCountry "USA"]
[SourceTitle "EXT 1999"]
[Source "ChessBase"]
[SourceDate "1998.11.16"]
[SourceVersion "1"]
[SourceVersionDate "1998.11.16"]
[SourceQuality "1"]

1. d4 Nf6 2. c4 c5 3. d5 b5 4. cxb5 a6 5. bxa6 g6 6. Nc3 Bxa6 7. e4 Bxf1 8. Kxf1 d6 9. g3 Bg7 10. Kg2 0-0 11. Nf3 Nbd7 12. Re1 Qb6 13. Re2 Rfb8 14. h3 Qa6 15. Rc2 1/2-1/2

[Event "Fishbecks"]
[Site "Pasadena"]
[Date "1992.??.??"]
[Round "?"]
[White "Beelby, Matthew A"]
[Black "Wolski, Thomas"]
[Result "1-0"]
[WhiteElo "2340"]
[BlackElo "2320"]
[PlyCount "47"]
[EventDate "1992.??.??"]
[EventType "tourn"]
[EventRounds "11"]
[EventCountry "USA"]
[SourceTitle "EXT 1999"]
[Source "ChessBase"]
[SourceDate "1998.11.16"]
[SourceVersion "1"]
[SourceVersionDate "1998.11.16"]
[SourceQuality "1"]

1. c4 c6 2. e4 e5 3. Nf3 d6 4. d4 Nd7 5. Nc3 Ngf6 6. Be2 Be7 7. 0-0 0-0 8. Re1 a6 9. c5 exd4 10. cxd6 Bxd6 11. Nxd4 Nc5 12. Bf3 Qc7 13. g3 Rd8 14. Qc2 Be5 15. Nb3 Nxb3 16. Qxb3 Bg4 17. Bg2 Rd3 18. Be3 Qa5 19. Bb6 Rxc3 20. Bxa5 Rxb3 21. axb3 Bxb2 22. Ra2 Bd4 23. e5 Re8 24. exf6 1-0

[Event "US Open-92"]
[Site "Los Angeles"]
[Date "1991.??.??"]
[Round "?"]
[White "Beelby, Matthew A"]
[Black "Davila, Edmundo"]
[Result "1-0"]
[WhiteElo "2335"]
[BlackElo "2220"]
[PlyCount "143"]
[EventDate "1991.07.28"]
[EventType "swiss"]
[EventRounds "12"]
[EventCountry "USA"]
[SourceTitle "EXT 2000"]
[Source "ChessBase"]
[SourceDate "1999.11.16"]
[SourceVersion "1"]
[SourceVersionDate "1999.11.16"]
[SourceQuality "1"]

1. Nf3 e6 2. g3 f5 3. Bg2 Nf6 4. 0-0 Be7 5. b3 0-0 6. Bb2 Qe8 7. c4 c6 8. d3 d6 9. Nbd2 Qh5 10. e4 fxe4 11. dxe4 e5 12. c5 Bg4 13. cxd6 Bxd6 14. Nc4 Bc7 15. Bxe5 Nxe4 16. Bxc7 Ng5 17. Nce5 Nxf3+ 18. Nxf3 Bxf3 19. Bxf3 Qxf3 20. Qxf3 Rxf3 21. Bf4 Rd3 22. Rad1 Rd5 23. Rxd5 cxd5 24. Rd1 Nc6 25. Rxd5 Rd8 26. Rxd8+ Nxd8 27. Kg2 Kf7 28. Kf3 Nc6 29. Ke4 Ke6 30. Bd2 g6 31. f4 h5 32. h3 Nd8 33. g4 hxg4 34. hxg4 Nf7 35. f5+ gxf5+ 36. gxf5+ Kd7 37. Bb4 Kc6 38. f6 Nh6 39. Bf8 Nf7 40. Be7 Nh6 41. Ke5 Kd7 42. Bc5 Nf7+ 43. Kd5 a6 44. Be3 Nd8 45. Bg5 Nf7 46. Bf4 Nd8 47. Ke5 Nf7+ 48. Kf5 Nh8 49. Bd2 Nf7 50. Bb4 Nh8 51. Ba5 Nf7 52. Kg6 Ke6 53. Bc7 Nh8+ 54. Kg7 Nf7 55. Bf4 Nd8 56. Bc1 Nf7 57. Bb2 Nd6 58. Kf8 b5 59. b4 Nf7 60. Ke8 Ng5 61. Ba1 Kd5 62. f7 Nxf7 63. Kxf7 Kc4 64. a3 Kb3 65. Ke6 Kxa3 66. Bc3 Kb3 67. Be1 Kc4 68. Kd6 a5 69. bxa5 b4 70. Bxb4 Kb5 71. Kc7 Ka6 72. Kb8 1-0

[Event "American op"]
[Site "Los Angeles"]
[Date "1987.??.??"]
[Round "2"]
[White "Beelby, Matthew A"]
[Black "Alburt, Lev O"]
[Result "0-1"]
[WhiteElo "2280"]
[BlackElo "2570"]
[PlyCount "78"]
[EventDate "1987.11.26"]
[EventType "swiss"]
[EventRounds "8"]
[EventCountry "USA"]
[SourceTitle "EXT 1997"]
[Source "ChessBase"]
[SourceDate "1996.11.15"]
[SourceVersion "1"]
[SourceVersionDate "1996.11.15"]
[SourceQuality "1"]

1. c4 c5 2. Nc3 e6 3. Nf3 Nf6 4. g3 d5 5. cxd5 Nxd5 6. Bg2 Be7 7. 0-0 0-0 8. d4 Nc6 9. Nxd5 exd5 10. dxc5 Bxc5 11. Bf4 Bf5 12. Rc1 Bb6 13. Ne5 Qf6 14. Nxc6 bxc6 15. Qd2 Rac8 16. a4 h6 17. h4 Bd4 18. b4 Bg4 19. e3 Bb6 20. a5 Bd8 21. e4 dxe4 22. Bxe4 Be7 23. Rc4 Be6 24. Rc2 Rfd8 25. Qe3 Bxb4 26. Qxa7 Rd4 27. Bg2 Rxf4 28. gxf4 Qg6 29. Re2 Bd5 30. f3 Qd6 31. Rc2 Qxf4 32. a6 Re8 33. Qf2 Bd6 34. Re1 Ra8 35. a7 Qh2+ 36. Kf1 Bg3 37. Qc5 Bxe1 38. Kxe1 Qxh4+ 39. Kf1 Qa4 0-1

[Event "Anaheim Labate"]
[Site "Anaheim"]
[Date "1984.02.??"]
[Round "1"]
[White "Lucky, David N"]
[Black "Beelby, Matthew A"]
[Result "1-0"]
[WhiteElo "2270"]
[BlackElo "2215"]
[PlyCount "57"]
[EventDate "1984.02.??"]
[EventType "tourn"]
[EventRounds "11"]
[EventCountry "USA"]
[EventCategory "6"]
[SourceTitle "EXT 2012"]
[Source "ChessBase"]
[SourceDate "2011.11.24"]
[SourceVersion "1"]
[SourceVersionDate "2011.11.24"]
[SourceQuality "1"]

1. Nf3 d5 2. d4 c5 3. e3 Nc6 4. c4 e6 5. Nc3 Nf6 6. cxd5 exd5 7. Be2 Be7 8. 0-0 0-0 9. dxc5 Bxc5 10. b3 a6 11. Bb2 Ba7 12. Na4 Ne4 13. Rc1 Qd6 14. Nd4 Be6 15. Nxc6 bxc6 16. Qc2 c5 17. Bd3 Bb8 18. f4 Ba7 19. Bxe4 dxe4 20. Nxc5 Rac8 21. Bd4 Rfd8 22. b4 a5 23. Qb2 axb4 24. Nxe6 Qxe6 25. Rxc8 Rxc8 26. Bxa7 Ra8 27. Qxb4 Qxa2 28. Bd4 h6 29. Ra1 1-0

[Event "Anaheim Labate"]
[Site "Anaheim"]
[Date "1984.02.??"]
[Round "2"]
[White "Remlinger, Larry"]
[Black "Beelby, Matthew A"]
[Result "1-0"]
[WhiteElo "2380"]
[BlackElo "2215"]
[PlyCount "85"]
[EventDate "1984.02.??"]
[EventType "tourn"]
[EventRounds "11"]
[EventCountry "USA"]
[EventCategory "6"]
[SourceTitle "EXT 2012"]
[Source "ChessBase"]
[SourceDate "2011.11.24"]
[SourceVersion "1"]
[SourceVersionDate "2011.11.24"]
[SourceQuality "1"]

1. d4 d5 2. c4 e6 3. Nf3 c5 4. cxd5 exd5 5. g3 Nc6 6. Bg2 Nf6 7. 0-0 Be7 8. Nc3 0-0 9. Bg5 cxd4 10. Nxd4 h6 11. Be3 Bg4 12. Qa4 Na5 13. Rad1 Nc4 14. Bc1 Qc8 15. Qb5 Nb6 16. Bf4 Bh3 17. Rc1 Bxg2 18. Kxg2 Qg4 19. f3 Qg6 20. Qd3 Qxd3 21. exd3 Nfd7 22. Ncb5 Bf6 23. Be3 Ne5 24. Rfd1 Rac8 25. Rxc8 Nxc8 26. f4 Nc6 27. b3 N8e7 28. Kf3 a6 29. Nxc6 Nxc6 30. Nd6 Be7 31. Nf5 Ba3 32. Bc1 Bxc1 33. Rxc1 Re8 34. Nd6 Nd4+ 35. Kg4 Re2 36. Rc8+ Kh7 37. Nxf7 g6 38. Ne5 Ne6 39. Re8 Ng7 40. Re7 b5 41. Nxg6 Rxa2 42. f5 Rf2 43. Nf4 1-0